| 000 | 00526nam a22001817a 4500 | ||
|---|---|---|---|
| 999 |
_c7740 _d7740 |
||
| 003 | OSt | ||
| 005 | 20220225105802.0 | ||
| 008 | 220225b ||||| |||| 00| 0 eng d | ||
| 020 | _a0521578833 | ||
| 040 | _cDDC | ||
| 082 | _a539.7 HOO 1996 | ||
| 100 |
_aGerard 't Hooft. _915794 |
||
| 245 | _aIn search of the ultimate building blocks. | ||
| 260 |
_a New York: _bCambridge University Press; _c1997. |
||
| 300 |
_axiii, 191 p. : _b ill. ; _c 24 cm. |
||
| 650 |
_aStandard model (Nuclear physics). _915795 |
||
| 942 |
_2ddc _cO_SHELF |
||